Alexandrie, 1830-1930 : histoire d'une communaute citadine /

محفوظ في:

المؤلف الرئيسي: Ilbert, Robert (مؤلف)

التنسيق: كتاب

اللغة: French

منشور في: Le Caire : Institut francais d'archeologie orientale, 1996.

سلاسل: Bibliotheque d'Etude, 112.
BDE ; 112.

الموضوعات:

الوسوم: إضافة وسم

لا توجد وسوم, كن أول من يضع وسما على هذه التسجيلة!

رقم الطلب: DT57 .C18 v.112/1-2

LEADER 01184namaa2200337 4500
001 9366
003 OSt
005 20260427095806.0
008 130303s1996 ua abe b 000 0 fre d
010 |a 96960594 
020 |a 2724701690 (éd. complète) 
020 |a 2724701704 (v. 1) 
020 |a 2724701763 (v. 2) 
040 |c ARCE Library 
043 |a f-ua--- 
050 4 |a DT57 .C18 v.112/1-2 
100 1 |a Ilbert, Robert,  |e author  |9 32858 
245 1 0 |a Alexandrie, 1830-1930 :  |b histoire d'une communaute citadine /  |c Robert Ilbert. 
264 1 |a Le Caire :  |b Institut francais d'archeologie orientale,  |c 1996. 
300 |a 2 volumes (xxxi, 886 pages) :   |b illustrations, maps, plans ;   |c 28 cm. 
490 1 |a Bibliotheque d'Etude,   |x 0259-3823 ;   |v 112. 
490 1 |a BDE ;   |v 112. 
504 |a Includes bibliographical references (v. 2, p. 855-879) 
651 0 |a Alexandria (Egypt)  |x History  |y 19th century. 
651 0 |a Alexandria (Egypt)  |x History  |y 20th century. 
651 0 |a Alexandria (Egypt)   |x Social conditions and customs. 
830 0 |a Bibliotheque d'Etude,   |x 0259-3823 ;   |v 112. 
830 0 |a BDE ;   |v 112. 
901 |a reviewed 
942 |c BK  |2 lcc 
999 |c 11923  |d 11923